000 00730nam0a22002411 4500
001 rc\416097
005 20250621075958.0
010 _a5-250-00646-9
035 _a(NLR Aleph) 005663835
090 _a6901509
_c6901509
100 _a20030616d1988 |||y0rusy50 ca
101 0 _arus
102 _aRU
105 _aa |||||||||
200 1 _aИзбранные статьи и речи, август 1984 г. - декабрь 1987 г.
_e[Пер. с монг.]
210 _aМ.
_cПолитиздат
_d1988
215 _a334, [1] с., [1] л. портр.
_d22
700 1 _aБатмунх
_bЖ.
_f1926-
_gЖамбын
801 0 _aRU
_bNLR
_gpsbo
801 1 _aRU
_bELAR
_2rusmarc
852 _aNLR
_j88-5/5811
942 _cBOOK
980 _aNB